| 000 | 00000nam##2200000za#4500 |
| 001 | 9.666925 |
| 003 | CaOODSP |
| 005 | 20200330100300 |
| 007 | ta |
| 008 | 150407|2004||||xxc||||| f|0| 0 eng|d |
| 040 | |aCaOODSP|beng |
| 041 | |aeng |
| 041 | |afre |
| 043 | |an-cn--- |
| 086 | 1 |aSW21-126/2004 |
| 110 | 1 |aCanada. |bStatus of Women Canada. |
| 245 | 10|aWhat is gender mainstreaming? |
| 260 | |aOttawa - Ontario : |bStatus of Women Canada |c[2004]. |
| 300 | |aEnglish text, 2p. ; |c28 cm. |
| 563 | |aPamphlet |
| 690 | 07|aGender equality|2gcpds |
| 690 | 07|aPolicy development|2gcpds |
| 776 | 0#|tQu'est-ce que l'intégration des considérations liées à l'égalité des sexes? |w(CaOODSP)9.632259 |
| 776 | 0#|tWhat is gender mainstreaming? |w(CaOODSP)9.687819 |
| 792 | |tQu'est-ce que l'intégration des considérations liées à l'égalité des sexes? |efre|w(CaOODSP)9.666926 |